30 Second Alpha Blitz Quiz Stats

Quiz Updated Apr 16, 2015

Also try: Alpha Blitz!
Challenge
Share
Tweet
Embed
Score 0/130 Timer 00:30
0 Plays Today
Letter % Correct
A
100%
B
98.5%
C
97.9%
D
97.2%
E
96.6%
F
96.2%
G
95.8%
H
95.2%
I
94.8%
J
94.3%
K
93.9%
L
93.6%
M
93.2%
N
92.8%
O
92.2%
P
91.9%
Q
91.4%
R
91%
S
90.5%
T
90.3%
U
90%
V
89.7%
W
89.2%
X
88.8%
Y
88.4%
Z
88.1%
A
86.7%
B
86.2%
C
85.8%
D
85.1%
E
84.8%
F
84.4%
G
84%
H
83.5%
I
83.2%
J
82.6%
K
82.2%
L
81.9%
M
81.5%
N
81%
O
80.3%
P
79.9%
Q
79.2%
R
78.6%
Letter % Correct
S
77.9%
T
77.5%
U
77%
V
76.4%
W
75.4%
X
74.5%
Y
73.6%
Z
72.8%
A
71.1%
B
70.4%
C
69.6%
D
68.1%
E
67.4%
F
66.5%
G
65.5%
H
64.6%
I
63.6%
J
62.2%
K
61.2%
L
60.4%
M
59.4%
N
58.4%
O
57.1%
P
56.2%
Q
54.6%
R
53.1%
S
51.7%
T
50.8%
U
49.7%
V
48.5%
W
46.5%
X
44.5%
Y
43%
Z
41.9%
A
39.7%
B
38.6%
C
37.3%
D
35.6%
E
34.7%
F
33.6%
G
32.4%
H
31.4%
I
30.2%
J
29%
Letter % Correct
K
28.1%
L
27.2%
M
26.3%
N
25.6%
O
24.5%
P
23.7%
Q
22.5%
R
21.6%
S
20.6%
T
19.9%
U
19.1%
V
18.4%
W
17.1%
X
16%
Y
15.2%
Z
14.5%
A
13.5%
B
12.9%
C
12.3%
D
11.5%
E
11.1%
F
10.5%
G
10%
H
9.5%
I
9%
J
8.5%
K
8.1%
L
7.7%
M
7.3%
N
6.9%
O
6.5%
P
6.2%
Q
5.7%
R
5.4%
S
4.9%
T
4.7%
U
4.4%
V
4.1%
W
3.8%
X
3.4%
Y
3.1%
Z
3%

You're not logged in!

Compare scores with friends on all Sporcle quizzes.
Sign Up with Email
OR
Log In

You Might Also Like...

Show Comments

Extras

Top Quizzes Today


Score Distribution

Your Account Isn't Verified!

In order to create a playlist on Sporcle, you need to verify the email address you used during registration. Go to your Sporcle Settings to finish the process.